Miasta w województwie pomorskim - Statystyki

Ogólne statystyki
  • Ten quiz został rozwiązany 81 razy
  • Średni wynik to 5 z 7
Statystyki odpowiedzi
Miasto Liczba ludności % Poprawnych
Gdańsk 486 345
100%
Gdynia 242 874
100%
Słupsk 86 365
75%
Wejherowo 46 446
72%
Tczew 57 394
69%
Rumia 52 634
63%
Starogard Gdański 45 626
57%
Nie znaleziono quizów pasujących do podanych kryteriów
Rozkład punktacji
Procent ludzi z każdym wynikiem
Percentyl według liczby udzielonych odpowiedzi
Twoja historia wyników
Nie rozwiązałeś tego quizu